Informe del Rector / Universidad Nacional de Costa Rica
Shranjeno v:
| Korporativna značnica: | |
|---|---|
| Format: | Knjiga |
| Jezik: | Spanish |
| Izdano: |
Heredia:
Universidad Nacional de Costa Rica
|
| Teme: | |
| Oznake: |
Označite
Brez oznak, prvi označite!
|
MARC
| LEADER | 00000nam a22000007a 4500 | ||
|---|---|---|---|
| 003 | cru CIDCACS/IIS | ||
| 005 | 20200702114518.0 | ||
| 008 | 200702n cr |||p|r||||||0| ||spa|d | ||
| 999 | |c 43227 |d 43227 | ||
| 040 | |c cru CIDCACS/IIS | ||
| 090 | |a REV0573 | ||
| 110 | 1 | |9 840 |a Universidad Nacional de Costa Rica | |
| 245 | 1 | |a Informe del Rector / |b Universidad Nacional de Costa Rica | |
| 260 | |a Heredia: |b Universidad Nacional de Costa Rica | ||
| 270 | |b Heredia, Costa Rica: |e apdo. 86-3000 |a Campus Universitario | ||
| 500 | |a EXISTENCIAS : 1989 (1986-1989) | ||
| 650 | 0 | |9 7606 |a UNIVERSIDAD NACIONAL | |
| 650 | 0 | |9 3386 |a DOCENTES | |
| 650 | 0 | |9 4359 |a ESTUDIANTES | |
| 650 | 4 | |9 1930 |a INVESTIGACION | |
| 650 | 0 | |9 4355 |a ASPECTOS ECONOMICOS | |
| 650 | 0 | |9 632 |a ASPECTOS SOCIALES | |
| 651 | 0 | |9 32 |a COSTA RICA | |
| 942 | |2 ddc |c PP | ||
